Education in Belgium, (Record no. 21226)
[ view plain ]
| 000 -LEADER | |
|---|---|
| fixed length control field | 01129cam a22002651 4500 |
| 001 - CONTROL NUMBER | |
| control field | e 32000393 |
| 003 - CONTROL NUMBER IDENTIFIER | |
| control field | DLC |
| 005 - DATE AND TIME OF LATEST TRANSACTION | |
| control field | 20260227111222.0 |
| 008 - FIXED-LENGTH DATA ELEMENTS--GENERAL INFORMATION | |
| fixed length control field | 770218s1932 dcuaf b 000 0 eng c |
| 010 ## - LIBRARY OF CONGRESS CONTROL NUMBER | |
| LC control number | e 32000393 |
| 035 ## - SYSTEM CONTROL NUMBER | |
| System control number | (OCoLC)2748035 |
| 040 ## - CATALOGING SOURCE | |
| Original cataloging agency | U. S. Office of Education. Library |
| Transcribing agency | ABAU |
| Modifying agency | ABAU |
| -- | OCoLC |
| -- | DLC |
| 042 ## - AUTHENTICATION CODE | |
| Authentication code | premarc |
| 050 00 - LIBRARY OF CONGRESS CALL NUMBER | |
| Classification number | L111 |
| Item number | .A6 1932, no. 5 |
| 051 ## - LIBRARY OF CONGRESS COPY, ISSUE, OFFPRINT STATEMENT | |
| Classification number | L111 |
| Item number | .A6 1932 no. 5 |
| Copy information | Copy 2. |
| 100 1# - MAIN ENTRY--PERSONAL NAME | |
| Personal name | Abel, James F. |
| Fuller form of name | (James Frederick), |
| Dates associated with a name | 1878- |
| 245 10 - TITLE STATEMENT | |
| Title | Education in Belgium, |
| Statement of responsibility, etc. | by James F. Abel, chief Division of Foreign School Systems, Office of Education. |
| 260 ## - PUBLICATION, DISTRIBUTION, ETC. | |
| Place of publication, distribution, etc. | Washington, |
| Name of publisher, distributor, etc. | U.S. Govt. Print. Off., |
| Date of publication, distribution, etc. | 1932. |
| 300 ## - PHYSICAL DESCRIPTION | |
| Extent | vii, 145 p. |
| Other physical details | incl. tables, diagr., front., plates. |
| Dimensions | 23 cm. |
| 490 1# - SERIES STATEMENT | |
| Series statement | U. S. Office of Education. Bulletin, 1932, |
| Volume/sequential designation | no. 5 |
| 500 ## - GENERAL NOTE | |
| General note | At head of title: United States Department of the interior. Ray Lyman Wilbur, secretary. Office of education. William John Cooper, commissioner. |
| 504 ## - BIBLIOGRAPHY, ETC. NOTE | |
| Bibliography, etc. note | Bibliography at end of each chapter. |
| 650 #0 - SUBJECT ADDED ENTRY--TOPICAL TERM | |
| Topical term or geographic name entry element | Education |
| Geographic subdivision | Belgium. |
| 810 1# - SERIES ADDED ENTRY--CORPORATE NAME | |
| Corporate name or jurisdiction name as entry element | United States. |
| Subordinate unit | Office of Education. |
| Title of a work | Bulletin ; |
| Volume/sequential designation | 1932, no. 5. |
No items available.